Countries Missing 1st 2 and Last 2 Letters #2 - Statistics

General Stats
  • This quiz has been taken 38 times
  • The average score is 15 of 20
Answer Stats
Hint Countries % Correct
DOR Andorra
97%
STR Austria
91%
BAN Albania / Lebanon
88%
LIV Bolivia
88%
RUN Burundi
85%
OAT Croatia
82%
ORG Georgia
82%
SOT Lesotho
82%
MEN Armenia
79%
HRA Bahrain
79%
ITR Eritrea
79%
MOR Comoros
76%
UAD Ecuador
73%
HAM Bahamas
70%
LGI Belgium
67%
TON Estonia
64%
LAR Belarus
61%
RMA Germany
61%
MAN Romania
55%
ENA Grenada
39%
No matching quizzes found
Score Distribution
Percent of People with Each Score
Percentile by Number Answered
Your Score History
You have not taken this quiz